Emocje z "W głowie się nie mieści 2" - Statystyki

Ogólne statystyki
  • Ten quiz został rozwiązany 10 razy
  • Średni wynik to 5 z 9
Statystyki odpowiedzi
Obrazkowy Odpowiedź % Poprawnych
Radość
100%
Smutek
100%
Strach
78%
Gniew
67%
Wstyd
67%
Zazdrość
44%
Nuda
33%
Odraza
33%
Obawa
0%
Nie znaleziono quizów pasujących do podanych kryteriów
Rozkład punktacji
Procent ludzi z każdym wynikiem
Percentyl według liczby udzielonych odpowiedzi
Twoja historia wyników
Nie rozwiązałeś tego quizu